000 00421nam a2200169Ia 4500
008 210210b1988 xxu||||| |||| 00| 0 eng d
082 _a651.3 JAIO
100 _aJAIN (S P)
245 _aOffice management. Rev Ed 6.
250 _a
260 _aDelhi.
_bDhanpat Rai & Sons,
_c1988
300 _avii,360
650 _aOffice Management
690 _aOffice Management
700 _aCHHABRA (T N).
906 _a045858
999 _c95164
_d95164